000 00436nam a2200181Ia 4500
001 19698
005 20260306172712.0
008 260306t2007||||xx |||||||||||||| ||spa||
041 _aESP
082 _a341
_bG23
100 _aGarcía Máynez, Eduardo
_eAUT
245 0 _aIntroducción a la lógica jurídica
260 _c2007
300 _a234 páginas :
_c21 cm.
650 _aGEN
654 _aCDE
942 _cLIB
_dJUS
_fJUS
_2ddc
_n
999 _c19698
_d19698